BIBLIOTECA PODER JUDICIAL
Portal Judicial TDF

Efectividad del derecho a conocer los orígenes : (Registro nro. 6228)

000 -LEADER
fixed length control field 01372nab a22002417a 4500
003 - CONTROL NUMBER IDENTIFIER
control field OSt
005 - DATE AND TIME OF LATEST TRANSACTION
control field 20260126023052.0
008 - FIXED-LENGTH DATA ELEMENTS--GENERAL INFORMATION
fixed length control field 190514b xxu||||| |||| 00| 0 spa d
040 ## - CATALOGING SOURCE
Transcribing agency PJ
100 ## - MAIN ENTRY--PERSONAL NAME
9 (RLIN) 6950
Personal name Martín, María Macarena
245 10 - TITLE STATEMENT
Title Efectividad del derecho a conocer los orígenes :
Remainder of title los desafíos legales en la protección de la identidad de las personas nacidas por TRHA en Argentina /
Statement of responsibility, etc María Macarena Martín.
300 ## - PHYSICAL DESCRIPTION
Extent p. 61-67
500 ## - GENERAL NOTE
General note Cita: TR LALEY AR/DOC/2673/2024.
505 ## - FORMATTED CONTENTS NOTE
Formatted contents note Sumario: I. Desafíos legales y el derecho a la identidad en Argentina de las personas nacidas por técnicas de reproducción humana asistida.— II. El derecho a conocer los orígenes y su efectividad.— III. Conclusión.
505 ## - FORMATTED CONTENTS NOTE
Title Fallo comentado: JNFed. Contenciosoadministrativo Nro. 12 ~ 27/05/2024 ~ L., N. V. y otro c. En - PEN - M de Salud - Procrearte Red de Medicina Reproductiva y Molecular y otro s/ amparo ley 16.986.
650 #0 - SUBJECT ADDED ENTRY--TOPICAL TERM
9 (RLIN) 967
Topical term or geographic name as entry element DERECHO DE FAMILIA
650 #0 - SUBJECT ADDED ENTRY--TOPICAL TERM
9 (RLIN) 2345
Topical term or geographic name as entry element DERECHO A LA IDENTIDAD
650 #0 - SUBJECT ADDED ENTRY--TOPICAL TERM
9 (RLIN) 4292
Topical term or geographic name as entry element TÉCNICAS DE REPRODUCCIÓN HUMANA ASISTIDA
650 #0 - SUBJECT ADDED ENTRY--TOPICAL TERM
9 (RLIN) 1004
Topical term or geographic name as entry element FILIACION
650 #0 - SUBJECT ADDED ENTRY--TOPICAL TERM
9 (RLIN) 1057
Topical term or geographic name as entry element JURISPRUDENCIA APLICABLE
773 0# - HOST ITEM ENTRY
Host Biblionumber 2844
Host Itemnumber 3222
Place, publisher, and date of publication Buenos Aires : AbeledoPerrot, 1989-
Title Derecho de familia. Revista Interdisciplinaria de doctrina y jurisprudencia. Diciembre 2024-VI.
International Standard Book Number 18511201
942 ## - ADDED ENTRY ELEMENTS (KOHA)
Source of classification or shelving scheme
Koha item type Analítica Artículo de Revista

No hay ítems disponibles.

12 de Octubre 789 Ushuaia - Tel:  54(02901)441571
Horario de Atención: 8.00 a 17.00 hs. 
bibliotecaush@justierradelfuego.gov.ar
koha@justierradelfuego.gov.ar
Seguinos en nuestras redes @bibliojustdf 

Con tecnología Koha